Ostdeutsches Handwerk: Hohe Baunachfrage prägte Entwicklung (Record no. 5705)

MARC details
000 -LEADER
fixed length control field 00650nam a22002177i 4500
001 - CONTROL NUMBER
control field 6016
003 - CONTROL NUMBER IDENTIFIER
control field OSt
005 - DATE AND TIME OF LATEST TRANSACTION
control field 20181119124231.0
007 - PHYSICAL DESCRIPTION FIXED FIELD--GENERAL INFORMATION
fixed length control field tu
008 - FIXED-LENGTH DATA ELEMENTS--GENERAL INFORMATION
fixed length control field 161220s1997 xxu||||| |||| 00| 0 d
020 ## - INTERNATIONAL STANDARD BOOK NUMBER
International Standard Book Number 3930963280
024 7# - OTHER STANDARD IDENTIFIER
Standard number or code 6016
Source of number or code RID
024 7# - OTHER STANDARD IDENTIFIER
Standard number or code 6016
Source of number or code RSN (alt)
040 ## - CATALOGING SOURCE
Transcribing agency OSt
100 1# - MAIN ENTRY--PERSONAL NAME
Personal name Beer, Siegfried
245 00 - TITLE STATEMENT
Title Ostdeutsches Handwerk: Hohe Baunachfrage prägte Entwicklung
Remainder of title Wirtschaftliche Lage und Regionalpolitik in den "Grenzräumen" der neuen Bundesländer
260 ## - PUBLICATION, DISTRIBUTION, ETC.
Place of publication, distribution, etc. Halle :
Name of publisher, distributor, etc. Institut für Wirtschaftsforschung Halle IWH,
Date of publication, distribution, etc. 1997.
490 ## - SERIES STATEMENT
Series statement IWH Forschungsreihe
Volume/sequential designation 5
700 1# - ADDED ENTRY--PERSONAL NAME
Personal name Barjak, Franz
942 ## - ADDED ENTRY ELEMENTS (KOHA)
Koha item type Paper
Holdings
Withdrawn status Lost status Damaged status Not for loan Home library Current library Shelving location Date acquired Inventory number Total Checkouts Barcode Date last seen Price effective from Koha item type
        WIIW WIIW Library 08/04/2004 6016   10001454 01/26/2017 01/26/2017 Paper
The Vienna Instiute for International Economic Studies (wiiw)